| 000 | 00443nam a2200169Ia 4500 | ||
|---|---|---|---|
| 999 |
_c4339 _d4339 |
||
| 020 | _a1-85743-122-7 | ||
| 082 | _aRR 920.7203 INT- | ||
| 245 | 0 | _aInternational who's who of women 2002 | |
| 260 |
_aLondon _bEuropa Publications _c2002 |
||
| 300 | _axvi, 699 | ||
| 504 | _aincludes bibliography and index | ||
| 650 |
_aWomen _vBiography |
||
| 650 | _aYearbooks | ||
| 650 |
_aWomen's _vPeriodicals |
||
| 700 | _aSleeman, Elizabeth | ||
| 942 | _cBK | ||